The Dharma sutras / (Record no. 10338)

MARC details
000 -LEADER
fixed length control field 00606 a2200193 4500
010 ## - LIBRARY OF CONGRESS CONTROL NUMBER
LC control number ENG-89246
020 ## - INTERNATIONAL STANDARD BOOK NUMBER
Terms of availability 250.00
035 ## - SYSTEM CONTROL NUMBER
System control number EN-72779
037 ## - SOURCE OF ACQUISITION
Source of stock number/acquisition DBAD / PUB
082 14 - DEWEY DECIMAL CLASSIFICATION NUMBER
Classification number 220.25
090 ## - LOCALLY ASSIGNED LC-TYPE CALL NUMBER (OCLC); LOCAL CALL NUMBER (OCLC)
-- 10626
-- 10626
100 1# - MAIN ENTRY--PERSONAL NAME
Personal name Sharma, Kundan Lal
245 1# - TITLE STATEMENT
Title The Dharma sutras /
Statement of responsibility, etc by Kundan Lal Sharma
260 ## - PUBLICATION, DISTRIBUTION, ETC. (IMPRINT)
Place of publication, distribution, etc Muzaffar Nagar
Name of publisher, distributor, etc Pushpawati Sharma
Date of publication, distribution, etc 2006
270 ## - ADDRESS
Address 848, South Bhopa Road,
City Muzaffar Nagar
State or province U.P.
300 ## - PHYSICAL DESCRIPTION
Extent vi, 180p.
Dimensions 22cm (Hb)
942 ## - ADDED ENTRY ELEMENTS (KOHA)
Institution code [OBSOLETE] dpl
Koha item type English Books
Call number prefix 220.25 / SHA
Holdings
Withdrawn status Lost status Source of classification or shelving scheme Damaged status Not for loan Collection code Home library Current library Source of acquisition Cost, normal purchase price Total Checkouts Full call number Barcode Date last seen Copy number Uniform Resource Identifier Cost, replacement price Price effective from Koha item type
    Dewey Decimal Classification   Not For Loan Non-fiction D.B.Act.Division D.B.Act.Division DBAD/PUB 250.00   220.25 SHA EN-72779 15/09/2008 1 11380 250.00 15/09/2008 English Books

© Delhi Public Library
Hit Counter
free hit counter